PIYAAZ KAY CHHILKAKY (Record no. 32575)
[ view plain ]
| 000 -LEADER | |
|---|---|
| fixed length control field | 00268nam a22001217a 4500 |
| 082 ## - DEWEY DECIMAL CLASSIFICATION NUMBER | |
| Classification number | 891.43930 |
| 100 ## - MAIN ENTRY--PERSONAL NAME | |
| Personal name | MUMTAZ MUFTI |
| 245 ## - TITLE STATEMENT | |
| Title | PIYAAZ KAY CHHILKAKY |
| 260 ## - PUBLICATION, DISTRIBUTION, ETC. | |
| Place of publication, distribution, etc. | Lohare, |
| Name of publisher, distributor, etc. | Al Faisal Publisher, |
| Date of publication, distribution, etc. | 2005. |
| 300 ## - PHYSICAL DESCRIPTION | |
| Extent | 184p. ; |
| 500 ## - GENERAL NOTE | |
| General note | Hardcover. |
| 942 ## - ADDED ENTRY ELEMENTS (KOHA) | |
| Koha item type | Book |
| Withdrawn status | Lost status | Source of classification or shelving scheme | Damaged status | Not for loan | Permanent Location | Current Location | Date acquired | Total Checkouts | Full call number | Barcode | Date last seen | Price effective from | Koha item type |
|---|---|---|---|---|---|---|---|---|---|---|---|---|---|
| School of Mechanical & Manufacturing Engineering (SMME) | School of Mechanical & Manufacturing Engineering (SMME) | 10/05/2015 | 891.43930 MUM | SMME-1412 | 03/28/2018 | 10/05/2015 | Book |
